000 00271nam a22001217a 4500
008 170223b xxu||||| |||| 00| 0 eng d
041 _aeng
080 _a616 31
100 _a5
101 _aSHS
245 _aDENTAL PRACTICE ADMINISTRATION
_cSTINAFF.R.K
942 _2udc
_cBK
999 _c6174
_d6174